Orthographe - Le féminin des adjectifs #1 - Statistiques

Statistiques générales
  • Ce quiz a été pris 467 fois
  • Le résultat moyen est 19 sur 20
Statistiques - réponses
Masculin Féminin % Correct
roux rousse
100%
blanc blanche
99%
muet muette
99%
petit petite
99%
trompeur trompeuse
99%
faux fausse
98%
franc franche
98%
idiot idiote
98%
inquiet inquiète
98%
oriental orientale
98%
simplet simplette
98%
vermeil vermeille
98%
exigu exigüe
97%
dévot dévote
96%
favori favorite
96%
préparatoire préparatoire
96%
puéril puérile
96%
turc turque
94%
dissous dissoute
88%
coi coite
68%
Aucun quiz correspondant
Distribution des résultats
% des personnes avec chaque résultat
Percentile par nombre de réponses
Votre historique - résultats
Vous n’avez pas pris ce quiz